Εισαγωγή σε ζητήματα κοινωνιογλωσσολογίας

Αποθηκεύτηκε σε:
Λεπτομέρειες βιβλιογραφικής εγγραφής
Κύριος συγγραφέας: Αρχάκης, Αργύρης
Άλλοι συγγραφείς: Κονδύλη, Μαριάννα
Μορφή: Βιβλίο
Γλώσσα:Greek
Δημοσίευση: Αθήνα : Νήσος, c2002.
Σειρά:Παραδόσεις ; 8
Θέματα:
Ετικέτες: Προσθήκη ετικέτας
Δεν υπάρχουν, Καταχωρήστε ετικέτα πρώτοι!

MARC

LEADER 00000cam a2200000 i 4500
001 1/37934
008 030630s20022004gr | ||| |||| ||gre||
020 |a 9608711487 
035 |l 10070348 
040 |a GR-MY-UA  |b gre  |e aacr 
041 0 |a gre 
082 7 |a 306.44   |2 (21) 
100 1 |a Αρχάκης, Αργύρης. 
245 1 0 |a Εισαγωγή σε ζητήματα κοινωνιογλωσσολογίας /   |c Αργύρης Αρχάκης και Μαριάννα Κονδύλη.  
260 |a Αθήνα :   |b Νήσος,   |c c2002.  
300 |a 247 σ. ;   |c 21 εκ. 
490 1 |a (Παραδόσεις / Νήσος ;   |v  8) 
500 |a Το Παράρτημα της Ρόδου διαθέτει την 2η έκδοση [ανατύπωση], 2004 και την 3η αναθεωρημένη έκδοση, 2011 
504 |a Περιέχει βιβλιογραφία και ευρετήριο. 
650 0 0 |a Languages in contact. 
650 0 0 |a Sociolinguistics. 
650 0 0 |a Anthropological linguistics. 
700 1 |a Κονδύλη, Μαριάννα. 
830 0 |a Παραδόσεις ;  |v  8 
852 |a INST  |b LESVOS  |e 20030630  |h 306.44 ΑΡΧ  |p 005100024553  |q 005100024553  |t BK  |y 0 
852 |a INST  |b LESVOS  |e 20031007  |h 306.44 ΑΡΧ  |p 005100026721  |q 005100026721  |t BK  |y 0 
852 |a INST  |b LESVOS  |e 20120322  |h 306.44 ΑΡΧ  |p 005100050564  |q 005100050564  |t BK  |y 0 
852 |a INST  |b RHODES  |e 20081127  |h 306.44 ΑΡΧ  |p 005400031447  |q 005400031447  |t BK  |y 0 
852 |a INST  |b RHODES  |e 20140703  |h 306.44 ΑΡΧ  |p 005400036630  |q 005400036630  |t BK  |y 0 
852 |a INST  |b RHODES  |c EUDOXUS  |e 20130108  |h 306.44 ΑΡΧ  |p 005400034753  |q 005400034753  |t EDX  |y 0 
852 |a INST  |b RHODES  |c EUDOXUS  |e 20140328  |h 306.44 ΑΡΧ  |p 005400036334  |q 005400036334  |t EDX  |y 0 
852 |a INST  |b RHODES  |c EUDOXUS  |e 20210601  |h 306.44 ΑΡΧ  |p 005400042150  |q 005400042150  |t EDX  |y 0 
852 |a INST  |b RHODES  |c EUDOXUS  |e 20221221  |h 306.44 ΑΡΧ  |p 005400043196  |q 005400043196  |t EDX  |y 0 
901 |a BIBL1-2003-2 
901 |a BIBL1-2003-3 
901 |a BIBL4-2008-3 
901 |a BIBL4-2013-1 
901 |a BIBL4-2014-1 
901 |a BIBL4-2014-2 
909 |a Λ  |b 104777 
909 |a Λ  |b 106260 
909 |a Ρ  |b 156439 
909 |a Λ  |b 173609 
909 |a Ρ  |b 176312 
909 |a Ρ  |b 182839 
909 |a Ρ  |b 183132 
920 |a ΦΟΙΤΗΤΙΚΗ ΜΕΡΙΜΝΑ  |y Λέσβος  |z 2003-05 
920 |a ΕΥΔΟΞΟΣ  |y Λέσβος  |z 2012-01 
920 |a ΕΥΔΟΞΟΣ  |b ΕΠΙΣΤΡΟΦΗ  |y Ρόδος  |z 2013-01 
920 |a ΕΥΔΟΞΟΣ  |b ΕΠΙΣΤΡΟΦΗ  |y Ρόδος  |z 2014-03 
920 |a Εύδοξος  |b Παραγγελία  |y Ρόδος-ΤΜΣ  |z 2021-05 
920 |a Εύδοξος  |b Παραγγελία  |y Ρόδος-ΤΜΣ  |z 2022-12 
950 |a 117-2003-08-28 
970 |a ΚΑΡΑ  |b ΓΙΑΣΕΜΗ  |z 2003/06/30